[Event "22nd ch-EUR Indiv 2022"]
[Site "Terme Catez SLO"]
[Date "2022.03.28"]
[Round "2.87"]
[White "Franc, Borna"]
[Black "Wieczorek, Oskar"]
[Result "0-1"]
[BlackTitle "GM"]
[WhiteElo "2013"]
[BlackElo "2500"]
[WhiteFideId "14555948"]
[BlackFideId "1133950"]
[EventDate "2022.03.27"]

1. e4 c5 2. Nf3 d6 3. d4 cxd4 4. Nxd4 Nf6 5. Nc3 a6 6. Be2 e6 7. O-O Qc7 8. Be3
b5 9. a3 Bb7 10. f3 Nbd7 11. Qe1 Be7 12. Rd1 O-O 13. Qg3 Rfe8 14. Nb3 Rac8 15.
Qf2 d5 16. exd5 Nxd5 17. Nxd5 Bxd5 18. Nd4 Bd6 19. Qh4 Ne5 20. c3 Ng6 21. Qh5
Nf4 22. Bxf4 Bxf4 23. g3 g6 24. Qh4 Be3+ 25. Kg2 Qe5 26. Rfe1 Bg5 27. Qh3 Qf6
28. Nc2 h5 29. Nb4 Bb7 30. Rd7 Re7 31. Red1 a5 32. Nc2 Rxd7 33. Rxd7 Bc6 34. Rd1
b4 35. Nd4 bxc3 36. bxc3 Bb7 37. Nb5 Qe5 38. Kf1 Bxf3 39. Nd4 Ba8 0-1

[Event "22nd ch-EUR Indiv 2022"]
[Site "Terme Catez SLO"]
[Date "2022.03.28"]
[Round "2.88"]
[White "Gharibyan, Mamikon"]
[Black "Krzywda, Andrzej"]
[Result "1-0"]
[WhiteTitle "IM"]
[BlackTitle "CM"]
[WhiteElo "2479"]
[BlackElo "2152"]
[WhiteFideId "13308300"]
[BlackFideId "1114565"]
[EventDate "2022.03.27"]

1. d4 d5 2. c4 e6 3. Nf3 Nf6 4. Nc3 Be7 5. Bf4 O-O 6. Rc1 c5 7. dxc5 dxc4 8. e3
Na6 9. Qxd8 Rxd8 10. c6 bxc6 11. Ne5 Nb4 12. Bxc4 Bb7 13. e4 Nd7 14. Nxd7 Rxd7
15. Ke2 c5 16. Rhd1 Rad8 17. Rxd7 Rxd7 18. f3 Nc6 19. Be3 Nd4+ 20. Ke1 Bc6 21.
Ne2 Rd8 22. Nxd4 cxd4 23. Bd2 Bd7 24. Ke2 Rc8 25. Kd3 e5 26. f4 Bd6 27. Rf1 exf4
28. Bxf4 Bc5 29. Bg3 Be8 30. Rf5 Bb6 31. Bf2 g6 32. Rf6 Rd8 33. b3 Bc5 34. a4
Bd6 35. Bg3 Bc5 36. Bc7 Rc8 37. Be5 Rd8 38. Bd5 Rc8 39. Bxd4 Bxd4 40. Kxd4 Rc2
41. e5 Kg7 42. Ra6 Rc7 43. b4 h5 44. b5 Bd7 45. Rd6 h4 46. Bc6 h3 47. gxh3 Bxh3
48. a5 Rc8 49. b6 axb6 50. axb6 Rh8 51. b7 Bf1 52. Bd5 g5 53. Rf6 Bb5 54. Kc5
Bd3 55. Rxf7+ Kg6 56. Rf3 1-0

[Event "22nd ch-EUR Indiv 2022"]
[Site "Terme Catez SLO"]
[Date "2022.03.28"]
[Round "2.89"]
[White "Mirzoev, Emil"]
[Black "Rozman, Monika"]
[Result "1-0"]
[WhiteTitle "GM"]
[BlackTitle "WFM"]
[WhiteElo "2475"]
[BlackElo "2094"]
[WhiteFideId "14108640"]
[BlackFideId "14609118"]
[EventDate "2022.03.27"]

1. c4 c6 2. e4 d5 3. exd5 cxd5 4. cxd5 Qxd5 5. Nc3 Qd8 6. d4 Nf6 7. Bc4 e6 8.
Nf3 Be7 9. O-O O-O 10. Re1 a6 11. Ne5 Nc6 12. Be3 Na5 13. Bd3 b5 14. Qf3 Bb7 15.
Qh3 b4 16. Bg5 g6 17. Na4 Nh5 18. Bh6 Qxd4 19. Rad1 Rad8 20. Bxf8 Nf4 21. Qg3
Kxf8 22. Bf1 Qxd1 23. Rxd1 Rxd1 24. Qxf4 f6 25. Ng4 Bc6 26. b3 Bb5 27. Ne3 Ra1
28. Nb6 Nc6 29. g4 g5 30. Qc7 Ne5 31. Nc8 Nf3+ 32. Kg2 Nh4+ 33. Kg3 f5 34. Qxe7+
Kg8 35. Qxe6+ Kg7 36. Qe5+ 1-0

[Event "22nd ch-EUR Indiv 2022"]
[Site "Terme Catez SLO"]
[Date "2022.03.28"]
[Round "2.90"]
[White "Yilmazyerli, Mert"]
[Black "Debevec, Blaz"]
[Result "1-0"]
[WhiteTitle "IM"]
[BlackTitle "CM"]
[WhiteElo "2466"]
[BlackElo "2084"]
[WhiteFideId "6305962"]
[BlackFideId "14605813"]
[EventDate "2022.03.27"]

1. Nf3 Nf6 2. g3 g6 3. Bg2 Bg7 4. c4 O-O 5. O-O d6 6. d4 Nc6 7. Nc3 a6 8. Bf4
Rb8 9. Rc1 h6 10. h3 g5 11. Bd2 Bf5 12. d5 Na7 13. Nd4 Bg6 14. b3 Qd7 15. Be3 c5
16. dxc6 Nxc6 17. Qd2 Nxd4 18. Bxd4 b5 19. Bxf6 Bxf6 20. Nd5 Qf5 21. Kh1 Rfc8
22. cxb5 axb5 23. e4 Qe6 24. Rce1 b4 25. Re3 Bc3 26. Qe2 Bd4 27. Rd3 Bg7 28. f4
f5 29. Rd2 Kh8 30. fxg5 fxe4 31. Nf4 Qf5 32. gxh6 Bxh6 33. Rd4 Bxf4 34. Rxf4
Rc1+ 35. Rd1 Qb5 36. Qb2+ 1-0

[Event "22nd ch-EUR Indiv 2022"]
[Site "Terme Catez SLO"]
[Date "2022.03.28"]
[Round "2.91"]
[White "Garsky, Vladyslav"]
[Black "Parkhov, Yair"]
[Result "1/2-1/2"]
[BlackTitle "IM"]
[WhiteElo "1768"]
[BlackElo "2450"]
[WhiteFideId "34100270"]
[BlackFideId "2813408"]
[EventDate "2022.03.27"]

1. e4 g6 2. d4 Bg7 3. Nc3 d6 4. Be3 a6 5. Nf3 b5 6. a3 Bb7 7. Qd2 Nd7 8. Ng5 h6
9. Nh3 c5 10. f3 Ngf6 11. Nf2 Qc7 12. Be2 cxd4 13. Bxd4 e5 14. Be3 Nb6 15. O-O
Rd8 16. a4 Nc4 17. Bxc4 bxc4 18. b4 d5 19. exd5 Nxd5 20. Nxd5 Bxd5 21. Bc5 Bxf3
22. Qc3 Bd5 23. Rae1 Be6 24. Qg3 a5 25. c3 g5 26. h4 f5 27. hxg5 f4 28. Qh4 hxg5
29. Qxg5 Qf7 30. Rxe5 Bxe5 31. Qxe5 Rh5 32. Qe4 Rdd5 33. Nh3 Rhe5 34. Qxf4 Qxf4
35. Nxf4 Rd2 36. Bd4 Re4 37. Nxe6 Rxe6 38. bxa5 Ra2 39. Kh2 Ree2 40. a6 Rxg2+
41. Kh3 Rgd2 42. a7 Rxa4 43. Rf6 Rxd4 44. cxd4 Rxa7 45. Rc6 1/2-1/2

[Event "22nd ch-EUR Indiv 2022"]
[Site "Terme Catez SLO"]
[Date "2022.03.28"]
[Round "2.92"]
[White "Stella, Andrea"]
[Black "Easwaralingam, Adesh"]
[Result "1/2-1/2"]
[WhiteTitle "GM"]
[WhiteElo "2444"]
[BlackElo "2069"]
[WhiteFideId "827061"]
[BlackFideId "1448552"]
[EventDate "2022.03.27"]

1. d4 Nf6 2. c4 e6 3. g3 d5 4. Nf3 dxc4 5. Bg2 a6 6. O-O c5 7. dxc5 Qxd1 8. Rxd1
Nc6 9. Nbd2 c3 10. bxc3 Bxc5 11. Nb3 Be7 12. Nfd4 Bd7 13. Nxc6 Bxc6 14. Bxc6+
bxc6 15. c4 O-O 16. Bf4 a5 17. Bd6 Bxd6 18. Rxd6 Rfc8 19. Nc5 Rab8 20. Rad1 h5
21. a3 Rb2 22. R6d2 Rcb8 23. f3 Rxd2 24. Rxd2 Rb1+ 25. Kf2 Rc1 26. Nb3 Rxc4 27.
Nxa5 Rc5 28. Nb7 Rd5 29. Rc2 Rb5 30. Nd6 Rb6 31. Nc4 Ra6 32. Rd2 Nd5 33. e4 Nb6
34. Nxb6 Rxb6 35. a4 Ra6 36. Ra2 Ra5 37. Ke3 Kf8 38. Kd4 Ke7 39. Kc4 c5 40. Kb3
Kd6 41. f4 Kc6 42. Kc4 Kd6 43. Ra1 Kc6 44. Ra2 Kd6 45. Ra3 Kc6 46. Ra1 Kd6 47.
Rd1+ Kc6 48. Ra1 1/2-1/2

[Event "22nd ch-EUR Indiv 2022"]
[Site "Terme Catez SLO"]
[Date "2022.03.28"]
[Round "2.93"]
[White "Goroshkov, Maksym"]
[Black "Damjanovic, Vuk"]
[Result "1-0"]
[BlackTitle "FM"]
[WhiteElo "2111"]
[BlackElo "2409"]
[WhiteFideId "14142716"]
[BlackFideId "980021"]
[EventDate "2022.03.27"]

1. d4 d6 2. c4 e5 3. e3 Nd7 4. Nc3 g6 5. Nf3 Bg7 6. Be2 Ngf6 7. dxe5 dxe5 8. O-O
O-O 9. Qc2 Qe7 10. e4 c6 11. Rd1 Re8 12. a3 a5 13. Rb1 Nc5 14. Be3 Ng4 15. Bg5
Qc7 16. h3 h6 17. Bd2 Nf6 18. Be3 Ne6 19. c5 Nf4 20. Bc4 g5 21. Rd6 b5 22. Bxf4
exf4 23. Ba2 Nd7 24. Ne2 Ne5 25. Nxe5 Bxe5 26. Rbd1 Kg7 27. Nd4 Ra6 28. Nf3 Qe7
29. Nxe5 Qxe5 30. f3 Re7 31. Kh1 h5 32. a4 bxa4 33. Bc4 Raa7 34. Rxc6 Rad7 35.
Rxc8 Rxd1+ 36. Qxd1 Qxb2 37. Qd8 Kg6 38. Qxe7 Qc1+ 39. Kh2 Qxc4 40. Rg8+ Kh7 41.
Qf8 Qc3 42. Qxf7+ 1-0

[Event "22nd ch-EUR Indiv 2022"]
[Site "Terme Catez SLO"]
[Date "2022.03.28"]
[Round "2.94"]
[White "Asadli, Vugar"]
[Black "Varney, Zoe"]
[Result "1-0"]
[WhiteTitle "GM"]
[BlackTitle "WCM"]
[WhiteElo "2579"]
[BlackElo "1998"]
[WhiteFideId "13405764"]
[BlackFideId "436135"]
[EventDate "2022.03.27"]

1. e4 e5 2. Nf3 Nc6 3. Bb5 a6 4. Ba4 Nf6 5. d4 exd4 6. O-O b5 7. Bb3 Be7 8. e5
Ne4 9. Bd5 Nc5 10. Nxd4 Bb7 11. Nf5 O-O 12. Re1 Ne6 13. Nc3 Rb8 14. Qg4 g6 15.
Bh6 Re8 16. Rad1 Bf8 17. Qg3 Ne7 18. Nxe7+ Bxe7 19. Bxb7 Rxb7 20. Ne4 Rb6 21.
Rd5 Rc6 22. Red1 Rxc2 23. Rxd7 Qa8 24. Rxe7 Rxe7 25. Nf6+ Kh8 26. Qh4 Ng5 27.
Bxg5 h5 28. Nxh5 1-0

[Event "22nd ch-EUR Indiv 2022"]
[Site "Terme Catez SLO"]
[Date "2022.03.28"]
[Round "2.95"]
[White "Hommer, Jeremy"]
[Black "Lagarde, Maxime"]
[Result "0-1"]
[BlackTitle "GM"]
[WhiteElo "2221"]
[BlackElo "2626"]
[WhiteFideId "12992577"]
[BlackFideId "662399"]
[EventDate "2022.03.27"]

1. e4 c6 2. d4 d5 3. e5 Bf5 4. h4 Qb6 5. Ne2 e6 6. Ng3 Ne7 7. a4 a6 8. a5 Qc7 9.
b4 Nd7 10. c3 f6 11. f4 fxe5 12. fxe5 c5 13. bxc5 Nxc5 14. dxc5 Qxe5+ 15. Ne2
Nc6 16. Bf4 Qf6 17. Bg5 Qf7 18. Nd2 Bxc5 19. Nf3 h6 20. Bf4 Bg4 21. Qd2 O-O 22.
Be3 Bd6 23. Ra4 Qg6 24. Nf4 Qb1+ 25. Qd1 Qxd1+ 26. Kxd1 d4 27. Ng6 Rxf3 28. gxf3
Bxf3+ 29. Be2 Bxh1 30. Bxd4 Bd5 31. Ra1 Nxd4 32. cxd4 Rc8 33. Bd3 Bc4 34. Be4
Bb5 35. Kd2 Rc4 36. Bxb7 Rxd4+ 37. Ke3 Rd3+ 38. Ke4 Rb3 39. Rd1 Bc7 40. Bc8 Kf7
41. h5 Kf6 42. Rd2 Bc6+ 43. Kd4 Bxa5 44. Rf2+ Rf3 0-1

[Event "22nd ch-EUR Indiv 2022"]
[Site "Terme Catez SLO"]
[Date "2022.03.28"]
[Round "2.96"]
[White "Nareks, Matic"]
[Black "Pechac, Jergus"]
[Result "0-1"]
[WhiteTitle "CM"]
[BlackTitle "GM"]
[WhiteElo "2202"]
[BlackElo "2599"]
[WhiteFideId "14629526"]
[BlackFideId "14926970"]
[EventDate "2022.03.27"]

1. e4 e5 2. Nf3 Nc6 3. Bc4 Bc5 4. c3 Nf6 5. d4 exd4 6. e5 d5 7. Bb5 Ne4 8. cxd4
Bb6 9. Nc3 O-O 10. Be3 Bd7 11. Bd3 Bg4 12. Qb3 Bxf3 13. gxf3 Ng5 14. f4 Nf3+ 15.
Kf1 Qh4 16. h3 Ncxd4 17. Qxd5 Rad8 18. Qxb7 c6 19. Rd1 g5 20. fxg5 Nxe5 21. Kg2
Nxd3 22. Rxd3 Nf5 23. Rxd8 Nxe3+ 24. fxe3 Qxg5+ 25. Kf1 Qf5+ 26. Ke2 Rxd8 27.
Qe7 Qh5+ 28. Ke1 Qg6 29. Kf1 Qd3+ 30. Kf2 Qc2+ 31. Kf3 Qg6 32. Qe4 f5 33. Qc4+
Kf8 34. Ne2 Re8 35. Qb4+ c5 36. Qf4 Qc6+ 37. e4 Re6 38. Kg2 Rxe4 39. Qxf5+ Ke8
40. Kf1 Re7 41. Qh5+ Rf7+ 42. Kg1 Qf6 0-1

[Event "22nd ch-EUR Indiv 2022"]
[Site "Terme Catez SLO"]
[Date "2022.03.28"]
[Round "2.97"]
[White "Ciolek, Andreas"]
[Black "Acs, Peter"]
[Result "1/2-1/2"]
[WhiteTitle "FM"]
[BlackTitle "GM"]
[WhiteElo "2191"]
[BlackElo "2591"]
[WhiteFideId "12906727"]
[BlackFideId "708020"]
[EventDate "2022.03.27"]

1. d4 Nf6 2. Nf3 g6 3. g3 Bg7 4. Bg2 O-O 5. O-O d6 6. b3 c5 7. Bb2 cxd4 8. Nxd4
d5 9. c4 dxc4 10. bxc4 Nbd7 11. Nd2 a6 12. Rc1 e5 13. N4b3 a5 14. a4 Qe7 15. c5 1/2-1/2

[Event "22nd ch-EUR Indiv 2022"]
[Site "Terme Catez SLO"]
[Date "2022.03.28"]
[Round "2.98"]
[White "Blomqvist, Erik"]
[Black "Redzisz, Michal"]
[Result "1/2-1/2"]
[WhiteTitle "GM"]
[BlackTitle "FM"]
[WhiteElo "2542"]
[BlackElo "2223"]
[WhiteFideId "1709437"]
[BlackFideId "21816107"]
[EventDate "2022.03.27"]

1. Nf3 Nf6 2. g3 b6 3. Bg2 Bb7 4. O-O g6 5. b3 Bg7 6. Bb2 O-O 7. c4 c5 8. d4
cxd4 9. Qxd4 d6 10. Rd1 Nbd7 11. Ne1 Bxg2 12. Nxg2 Nc5 13. Nc3 Nfe4 14. Qe3 Bxc3
15. Bxc3 Nxc3 16. Qxc3 Rc8 17. Nf4 Ne6 18. Nd5 Nc7 19. h4 Nxd5 20. Rxd5 Qd7 21.
h5 b5 22. h6 f6 23. Rad1 bxc4 24. bxc4 Qe6 25. Qd3 Rc7 26. Rb1 Rfc8 27. Rb4 Qh3
28. Qe3 Kf7 29. Ra5 Qe6 30. Qxe6+ Kxe6 1/2-1/2

[Event "22nd ch-EUR Indiv 2022"]
[Site "Terme Catez SLO"]
[Date "2022.03.28"]
[Round "2.99"]
[White "Saraci, Nderim"]
[Black "Lozynskyi, Bohdan"]
[Result "1-0"]
[WhiteTitle "IM"]
[WhiteElo "2488"]
[BlackElo "2201"]
[WhiteFideId "6351921"]
[BlackFideId "14182602"]
[EventDate "2022.03.27"]

1. d4 d5 2. Nf3 e6 3. c4 Nf6 4. g3 Bb4+ 5. Nbd2 O-O 6. Bg2 c6 7. O-O Nbd7 8. Qc2
Re8 9. e4 Bxd2 10. Nxd2 dxe4 11. Rd1 e3 12. fxe3 e5 13. b3 Qc7 14. Bb2 Ng4 15.
Nf1 h5 16. h3 Nh6 17. Qf2 Nf6 18. d5 Bf5 19. Nd2 Qc8 20. Qf1 cxd5 21. cxd5 Qc5
22. Qf2 Rad8 23. Rdc1 Qb5 24. e4 Bg6 25. Qe3 Nd7 26. Nc4 Qa6 27. Bf1 Qf6 28. Rc2
b5 29. Nd2 Nb6 30. Rc6 Qe7 31. Bxb5 Qb4 32. Bf1 Kh7 33. Bc3 Qf8 34. Nc4 Nxc4 35.
Bxc4 f5 36. Qg5 Rd6 37. Bb4 Qf6 38. Qxf6 Rxf6 39. Rxf6 gxf6 40. d6 fxe4 41. d7
Rd8 42. Be6 Bf5 43. Be7 Rxd7 44. Bxd7 Bxd7 45. Bxf6 Bxh3 46. Bxe5 Nf5 47. Re1 e3
48. Bf4 1-0

[Event "22nd ch-EUR Indiv 2022"]
[Site "Terme Catez SLO"]
[Date "2022.03.28"]
[Round "2.100"]
[White "Gombocz, Ferenc Jr."]
[Black "Godena, Michele"]
[Result "1/2-1/2"]
[WhiteTitle "FM"]
[BlackTitle "GM"]
[WhiteElo "2188"]
[BlackElo "2442"]
[WhiteFideId "775029"]
[BlackFideId "800090"]
[EventDate "2022.03.27"]

1. d4 d5 2. Nf3 Nf6 3. Bf4 Bf5 4. c4 e6 5. Qb3 Nbd7 6. e3 dxc4 7. Bxc4 Nb6 8.
Nc3 Nxc4 9. Qxc4 c6 10. Qb3 Qb6 11. Qxb6 axb6 12. Nd2 Bb4 13. Bg5 Bd3 14. Bxf6
gxf6 15. a3 Bxc3 16. bxc3 Rg8 17. Rg1 Rg5 18. f3 Rga5 19. Nb1 Bxb1 20. Rxb1 Rxa3
21. Kd2 Ra2+ 22. Kd3 b5 23. h4 R8a3 24. g4 Rf2 25. f4 Kd7 26. h5 Kd6 27. g5 f5
28. h6 Kd5 29. Rge1 b6 30. Rec1 Raa2 31. Rd1 Rh2 32. Rb3 Rh3 33. Rbb1 Rhh2 34.
Rb3 Rhg2 35. Rbb1 Rgb2 36. Rbc1 Kd6 37. Ra1 Rd2+ 38. Rxd2 Rxa1 39. Rb2 Kd5 40.
Rb4 Ra5 41. Rb1 Ra2 42. Rb3 Rh2 43. Rb1 Ra2 44. Rb3 Ra8 45. Rb1 Ra5 46. Rb2 c5
47. dxc5 bxc5 48. Rd2 e5 49. e4+ fxe4+ 50. Ke3+ Ke6 51. fxe5 Kxe5 52. Rd7 Ke6
53. Rc7 b4 54. g6 fxg6 55. cxb4 cxb4 56. Rxh7 Kf5 57. Rf7+ Kg5 58. h7 Ra3+ 59.
Kxe4 Rh3 60. Rb7 Kg4 61. Ke5 Kg5 62. Ke4 Kg4 63. Ke5 Kg5 64. Ke4 Kf6 65. Kf4 g5+
66. Kg4 Rh4+ 67. Kg3 Kg6 68. Rxb4 Rxh7 69. Rb6+ Kh5 70. Rb8 Ra7 71. Rh8+ Kg6 72.
Rg8+ Kh5 73. Rh8+ Kg6 74. Rg8+ Kh5 1/2-1/2

[Event "22nd ch-EUR Indiv 2022"]
[Site "Terme Catez SLO"]
[Date "2022.03.28"]
[Round "2.101"]
[White "Kanyamarala, Trisha"]
[Black "Sarrau, Jelle"]
[Result "1/2-1/2"]
[WhiteTitle "WIM"]
[BlackTitle "FM"]
[WhiteElo "2180"]
[BlackElo "2401"]
[WhiteFideId "45004722"]
[BlackFideId "207608"]
[EventDate "2022.03.27"]

1. d4 Nf6 2. c4 e6 3. Nc3 d5 4. cxd5 exd5 5. Bg5 c6 6. e3 Be7 7. Qc2 Nbd7 8. Bd3
O-O 9. Nge2 Re8 10. O-O Nf8 11. Rae1 g6 12. f3 Ne6 13. Bh4 b5 14. Qd1 Bb7 15.
Bc2 b4 16. Na4 Ba6 17. Bd3 Bb5 18. Nc1 Rc8 19. b3 Qa5 20. Nb2 c5 21. dxc5 Rxc5
22. Bxb5 Qxb5 23. Ne2 Rec8 24. Nd4 Qd7 25. Nd3 Rc3 26. Re2 a6 27. Be1 R3c7 28.
Bxb4 Bxb4 29. Nxb4 Qd6 30. Nd3 Qb6 31. Nb2 Qd6 32. Qd2 h5 33. Nd3 h4 34. Nxe6
fxe6 35. Nf4 g5 36. Nh3 g4 37. fxg4 Ne4 38. Qb2 Rg7 39. Nf2 Nc3 40. Rc2 Qe5 41.
Nd1 d4 42. exd4 Qxd4+ 43. Kh1 Rf7 44. Rg1 Rcf8 45. Nf2 Rxf2 46. Qxc3 Qxc3 47.
Rxc3 1/2-1/2

[Event "22nd ch-EUR Indiv 2022"]
[Site "Terme Catez SLO"]
[Date "2022.03.28"]
[Round "2.102"]
[White "Salimova, Nurgyul"]
[Black "Vidic, Teja"]
[Result "1-0"]
[WhiteTitle "IM"]
[BlackTitle "WIM"]
[WhiteElo "2399"]
[BlackElo "2191"]
[WhiteFideId "2915138"]
[BlackFideId "14605511"]
[EventDate "2022.03.27"]

1. d4 d5 2. c4 c6 3. cxd5 cxd5 4. Bf4 Nc6 5. e3 Nf6 6. Nc3 Bf5 7. Qb3 Na5 8.
Qa4+ Bd7 9. Qd1 e6 10. Nf3 Be7 11. Bd3 Nh5 12. Bg3 f5 13. Ne5 Nf6 14. Rc1 O-O
15. O-O Rc8 16. Ne2 b5 17. b3 Qb6 18. Bh4 Qd6 19. Nf4 a6 20. Qd2 Nc6 21. Bg3
Rfe8 22. Nxc6 Bxc6 23. Ng6 Qb4 24. Nxe7+ Qxe7 25. Qa5 Qb7 26. Rc5 Bd7 27. b4 Bc6
28. a4 Nd7 29. Rc2 Ra8 30. Qc7 Rec8 31. Qd6 Nf8 32. Rfc1 Bd7 33. Rc7 Qb8 34. a5
Rxc7 35. Rxc7 Ra7 36. Rxd7 Nxd7 37. Qxe6+ 1-0

[Event "22nd ch-EUR Indiv 2022"]
[Site "Terme Catez SLO"]
[Date "2022.03.28"]
[Round "2.103"]
[White "Pasti, Aron"]
[Black "Herega, Nejc"]
[Result "1-0"]
[WhiteTitle "FM"]
[WhiteElo "2398"]
[BlackElo "2185"]
[WhiteFideId "785857"]
[BlackFideId "14634058"]
[EventDate "2022.03.27"]

1. e4 c5 2. Nf3 d6 3. d4 cxd4 4. Nxd4 Nf6 5. Nc3 a6 6. Bg5 e6 7. f4 Nbd7 8. Qf3
Qc7 9. O-O-O b5 10. Bxf6 Nxf6 11. f5 b4 12. Ncb5 axb5 13. Bxb5+ Bd7 14. e5 Rxa2
15. fxe6 Bxb5 16. Nxb5 Qc5 17. exf7+ Kd8 18. Kb1 Qxb5 19. Kxa2 Qxe5 20. Qa8+ Kc7
21. Qa7+ Kd8 22. Rhe1 Qb5 23. Re8+ Nxe8 24. Qa8+ 1-0

[Event "22nd ch-EUR Indiv 2022"]
[Site "Terme Catez SLO"]
[Date "2022.03.28"]
[Round "2.104"]
[White "Laptii, Nazar"]
[Black "Sokolovsky, Yahli"]
[Result "1-0"]
[BlackTitle "FM"]
[WhiteElo "2180"]
[BlackElo "2395"]
[WhiteFideId "14174332"]
[BlackFideId "2820242"]
[EventDate "2022.03.27"]

1. e4 e5 2. Nf3 Nc6 3. Bb5 a6 4. Ba4 Nf6 5. Qe2 b5 6. Bb3 Be7 7. O-O O-O 8. c3
d5 9. d3 Bb7 10. Nbd2 Re8 11. Rd1 Bf8 12. a3 Qd7 13. Nf1 h6 14. Ba2 Rad8 15. Ne3
Nb8 16. b4 Qc8 17. Bb2 c5 18. exd5 Nxd5 19. Nxd5 Bxd5 20. c4 bxc4 21. dxc4 Bb7
22. Rxd8 Qxd8 23. b5 e4 24. Ne1 Nd7 25. Rd1 Qc7 26. Bb1 Nb6 27. Nc2 Bd6 28. h3
Na4 29. Ne3 Bh2+ 30. Kh1 Nxb2 31. Qxb2 Be5 32. Qd2 Bd4 33. Nf5 Rd8 34. Re1 axb5
35. cxb5 Be5 36. Qe2 Bc3 37. Rc1 Bd2 38. Rd1 Bf4 39. Rxd8+ Qxd8 40. Qg4 Be5 41.
Nxh6+ Kf8 42. Qh5 Qe8 43. Nxf7 Bd4 44. Ba2 g6 45. Qh6+ Bg7 46. Qf4 Qd7 47. Ne5+ 1-0

[Event "22nd ch-EUR Indiv 2022"]
[Site "Terme Catez SLO"]
[Date "2022.03.28"]
[Round "2.105"]
[White "Pozun, Matej"]
[Black "Bukal, Vladimir Jr."]
[Result "1/2-1/2"]
[BlackTitle "IM"]
[WhiteElo "2168"]
[BlackElo "2391"]
[WhiteFideId "14618788"]
[BlackFideId "14502941"]
[EventDate "2022.03.27"]

1. e4 c5 2. Nf3 a6 3. c3 e6 4. d4 d5 5. exd5 exd5 6. Be3 cxd4 7. Nxd4 Nf6 8. Bd3
Bd6 9. Nf5 Bxf5 10. Bxf5 O-O 11. O-O Nc6 12. Nd2 Re8 13. Qc2 g6 14. Bh3 Ne5 15.
g3 Neg4 16. Bd4 h5 17. Rae1 Qc7 18. Nf3 Ne4 19. Qc1 Bf8 20. Bxg4 hxg4 21. Ng5
Nc5 22. Qc2 Bh6 23. h4 gxh3 24. Nxh3 Ne4 25. Kg2 Qc6 26. Rh1 Bg7 27. Qd1 Qc4 28.
Bxg7 Kxg7 29. Nf4 Nf6 30. a3 Rad8 31. Qf3 Re4 32. Rd1 d4 33. cxd4 Rdxd4 34. Rxd4
Qxd4 35. b4 Qd7 36. Rd1 Qc6 37. Nd5 Re6 38. Nxf6 Rxf6 39. Qxc6 Rxc6 40. Rd7 b5 1/2-1/2

[Event "22nd ch-EUR Indiv 2022"]
[Site "Terme Catez SLO"]
[Date "2022.03.28"]
[Round "2.106"]
[White "Lutsko, Artem"]
[Black "Wecker, Martin"]
[Result "1/2-1/2"]
[WhiteElo "2390"]
[BlackElo "2180"]
[WhiteFideId "14188767"]
[BlackFideId "12931462"]
[EventDate "2022.03.27"]

1. d4 Nf6 2. c4 e6 3. g3 d5 4. Nf3 Bb4+ 5. Bd2 Bd6 6. Bg2 c6 7. Qc2 O-O 8. O-O
Nbd7 9. Bg5 h6 10. Bxf6 Nxf6 11. Nbd2 b6 12. e4 Be7 13. e5 Nd7 14. cxd5 cxd5 15.
Rfe1 Nb8 16. Nf1 Bd7 17. Ne3 Nc6 18. Bf1 a5 19. a3 Qb8 20. Bd3 b5 21. Qe2 b4 22.
a4 Qb6 23. Red1 b3 24. Bb5 Rfd8 25. Rd2 Na7 26. Bxd7 Rxd7 27. Rd3 Nc6 28. Nf1
Nb4 29. Rxb3 Rc7 30. Rc3 Rac8 31. Rac1 Bf8 32. Rxc7 Rxc7 33. Rc3 Na2 34. Rxc7
Qxc7 35. Ne3 Qc1+ 36. Kg2 Nb4 37. Nd1 Nc2 38. Qd3 Bb4 39. h4 g5 40. hxg5 hxg5
41. Kh3 Ne1 42. Nxe1 Bxe1 43. Kg2 Bd2 44. Qe2 Kg7 45. b3 Kf8 46. Ne3 Qc3 47. Ng4
Qxd4 48. Nf6 Ke7 49. Qb5 Qxe5 50. Qe8+ Kxf6 51. Qh8+ Kf5 52. Qh7+ Kf6 1/2-1/2

[Event "22nd ch-EUR Indiv 2022"]
[Site "Terme Catez SLO"]
[Date "2022.03.28"]
[Round "2.107"]
[White "Lavrencic, Matic"]
[Black "Barp, Alberto"]
[Result "1/2-1/2"]
[BlackTitle "IM"]
[WhiteElo "2159"]
[BlackElo "2388"]
[WhiteFideId "14637847"]
[BlackFideId "872555"]
[EventDate "2022.03.27"]

1. e4 e5 2. Nf3 Nc6 3. Bb5 a6 4. Ba4 Nf6 5. O-O Be7 6. Re1 b5 7. Bb3 d6 8. c3
O-O 9. h3 Nb8 10. d4 Nbd7 11. Nbd2 Bb7 12. Bc2 Re8 13. Nf1 Bf8 14. Ng3 g6 15. a4
Bg7 16. Bd3 c6 17. Bg5 h6 18. Bd2 Qc7 19. Qc1 Kh7 20. b4 bxa4 21. Rxa4 c5 22. d5
Rec8 23. Ra5 Nb6 24. Qa3 c4 25. Bc2 Ne8 26. Qc1 Nd7 27. Qa1 Qd8 28. Be3 Bf6 29.
Ba4 Nc7 30. Qc1 Bg7 31. h4 Ne8 32. Nh2 Nef6 33. f3 Ng8 34. h5 Ndf6 35. hxg6+
fxg6 36. Kf2 h5 37. Rh1 Bh6 38. Ke2 Bxe3 39. Qxe3 Nh6 40. Ngf1 h4 41. g4 Nf7 42.
Nd2 1/2-1/2

[Event "22nd ch-EUR Indiv 2022"]
[Site "Terme Catez SLO"]
[Date "2022.03.28"]
[Round "2.108"]
[White "Ceres, Dragos"]
[Black "Marchesich, Giovanni"]
[Result "1-0"]
[WhiteTitle "FM"]
[WhiteElo "2385"]
[BlackElo "2172"]
[WhiteFideId "13905864"]
[BlackFideId "2824790"]
[EventDate "2022.03.27"]

1. e4 e5 2. Nf3 Nc6 3. Bc4 Nf6 4. d3 Bc5 5. O-O d6 6. c3 a5 7. a4 O-O 8. h3 h6
9. Re1 Be6 10. Nbd2 Ba7 11. Bb5 Ne7 12. d4 Ng6 13. Nf1 Nh5 14. Be3 Qf6 15. N1h2
Nhf4 16. Bf1 h5 17. Kh1 h4 18. g3 Nxh3 19. Bxh3 Bxh3 20. Bg5 Qe6 21. Ng1 hxg3
22. fxg3 f5 23. d5 Qd7 24. Nxh3 f4 25. Qg4 Qxg4 26. Nxg4 fxg3 27. Rf1 1-0

[Event "22nd ch-EUR Indiv 2022"]
[Site "Terme Catez SLO"]
[Date "2022.03.28"]
[Round "2.109"]
[White "Juksta, Karolis"]
[Black "Janzelj, Lara"]
[Result "1-0"]
[WhiteTitle "FM"]
[BlackTitle "WIM"]
[WhiteElo "2378"]
[BlackElo "2160"]
[WhiteFideId "12809039"]
[BlackFideId "14608391"]
[EventDate "2022.03.27"]

1. d4 Nf6 2. c4 e6 3. Nc3 Bb4 4. a3 Bxc3+ 5. bxc3 b6 6. f3 O-O 7. e4 d6 8. Bd3
Nc6 9. Be3 Ba6 10. Nh3 e5 11. O-O Na5 12. Qe2 Re8 13. Nf2 Qd7 14. Rfb1 c5 15. d5
Qa4 16. Bc2 Qd7 17. Bd3 Qa4 18. Bc2 Qd7 19. Bg5 Bxc4 20. Qd2 Nh5 21. g4 h6 22.
Bxh6 gxh6 23. gxh5 Kg7 24. Kh1 Rh8 25. Rg1+ Kf8 26. Rg3 Qe7 27. Rag1 Qf6 28. Ng4
Qg5 29. Ne3 Qf4 30. Qf2 Qf6 31. Nf5 Ke8 32. Rg7 Kd7 33. R1g6 1-0